El Nilo crece / (Record no. 77996)

MARC details
000 -LEADER
campo de control de longitud fija 00623nam a2200205 i 4500
001 - NÚMERO DE CONTROL
campo de control 77996
003 - IDENTIFICADOR DE NÚMERO DE CONTROL
campo de control ES-MaACL
007 - CAMPO FIJO DE DESCRIPCIÓN FÍSICA--INFORMACIÓN GENERAL
campo de control de longitud fija t|
008 - DATOS DE LONGITUD FIJA--INFORMACIÓN GENERAL
campo de control de longitud fija 041008s1954 sp ||||1| spa d
100 1# - ENTRADA PRINCIPAL--NOMBRE DE PERSONA
Nombre de persona Hamrin, Agne.
9 (RLIN) 61704
245 13 - MENCIÓN DEL TÍTULO
Título El Nilo crece /
Mención de responsabilidad, etc. Agne Hamrin ; [versión española de Gonvor Hosfseth].
250 ## - MENCION DE EDICION
Mención de edición [1ª ed.].
260 ## - PUBLICACIÓN, DISTRIBUCIÓN, ETC.
Lugar de publicación, distribución, etc. Barcelona :
Nombre del editor, distribuidor, etc. Ediciones y Publicaciones,
Fecha de publicación, distribución, etc. 1954 (
Fabricante Juventud)
300 ## - DESCRIPCIÓN FÍSICA
Extensión 312 p., 16 lám. ;
Dimensiones 22 cm.
490 1# - MENCIÓN DE SERIE
Mención de serie El mundo es así
700 1# - ENTRADA AGREGADA--NOMBRE PERSONAL
Nombre de persona Hosfseth, Gonvor.
9 (RLIN) 64281
830 0# - PUNTO DE ACCESO ADICIONAL DE SERIE-TÍTULO UNIFORME
Título uniforme El mundo es así
9 (RLIN) 184035
852 ## - LOCALIZACIÓN
Ubicación ES-MaACL
Número de control de estantería C-6526
Sublocalización o colección R.35796
Holdings
Estatus retirado Estado de pérdida Estado de daño No para préstamo Biblioteca de origen Biblioteca actual Ubicación en estantería Fecha de adquisición Fuente de adquisición Total de préstamos Signatura topográfica completa Código de barras Visto por última vez Precio de reemplazo Tipo de ítem Koha
        Biblioteca del Ateneo de Madrid Biblioteca del Ateneo de Madrid Sala Palomar 17/01/2008     C-6526 1081594 23/02/2023 23/02/2023 Libro impreso